000 00343nam a2200133Ia 4500
008 231129s1967||||xx |||||||||||||| ||spa||
040 _bspa
082 _a946.03 G212e
100 _aGarate Cordoba Jose Maria
245 0 _aEspiritu y Milicia en la Espana Medieval
260 _c1967
264 _aPublicaciones Espanolas
942 _2ddc
_cBKS
999 _c13453
_d13453